Aprendamos a elaborar exámenes escritos /
Guardado en:
| Hovedforfatter: | |
|---|---|
| Format: | Bog |
| Sprog: | Spanish |
| Udgivet: |
San José, Costa Rica :
EUNED,
1997
|
| Udgivelse: | 3 edición |
| Fag: | |
| Tags: |
Tilføj Tag
Ingen Tags, Vær først til at tagge denne postø!
|
MARC
| LEADER | 00000nam a2200000Ia 4500 | ||
|---|---|---|---|
| 008 | 180117b1997 cr ||||| |||| 00| | spa d | ||
| 999 | |c 1010 |d 1010 | ||
| 020 | |a 9977648972 | ||
| 090 | |a 06.04.13 |b 1793 | ||
| 100 | 1 | |a Hernández Poveda, Rose Mary |9 114 | |
| 245 | 1 | 0 | |a Aprendamos a elaborar exámenes escritos / |c Rose Mary Hernández Poveda |
| 250 | |a 3 edición | ||
| 260 | |a San José, Costa Rica : |b EUNED, |c 1997 | ||
| 300 | |a 84 páginas | ||
| 650 | 1 | 4 | |a EXAMEN |9 1150 |
| 650 | 1 | 4 | |a PEDAGOGÍA |9 1770 |
| 650 | 1 | 4 | |a PRUEBAS |9 629 |
| 942 | |i 002843 |h 06.04.13 1793 |2 z |c 01 | ||



